| 000 | 00587nam a2200169 a 4500 | ||
|---|---|---|---|
| 001 | 000038541 | ||
| 005 | 20201002031305.0 | ||
| 008 | 130412s2012 dr a 000 0 spa d | ||
| 020 | _a9789945872378 | ||
| 040 |
_aDO-SdBNP _bspa _cBNPHU |
||
| 100 | 1 |
_aMirabal, Yoselman R. _91773 |
|
| 245 | 1 | 0 |
_aUnción y conocimiento : _bcomo lograr un equilibrio / _cYoselman R. Mirabal. |
| 260 |
_aSanto Domingo : _bMirabal Poducciones, _c2012. |
||
| 300 |
_a117 p. : _bils. ; _c22 cm. |
||
| 500 | _aIncluye datos biográficos del autor en la solapa de la cubierta | ||
| 504 | _aBibliografía : p. 117-118 | ||
| 999 |
_c38031 _d38031 |
||